[Event "ESTCC U50 2018"]
[Site "Walbrzych"]
[Date "2018.04.21"]
[Round "8"]
[White "Wagner-Michel, Annett"]
[Black "Wielosz, Jaroslaw"]
[Result "1/2-1/2"]
[WhiteElo "2104"]
[BlackElo "2038"]
[Annotator "NA"]
[PlyCount "93"]
[EventDate "2018.??.??"]
[EventCountry "POL"]
[SourceTitle "playchess.com"]
[Source "ChessBase"]
[SourceQuality "1"]
[WhiteTeam "Germany"]
[BlackTeam "Poland"]
[WhiteTeamCountry "GER"]
[BlackTeamCountry "POL"]
[TimeControl "40/5400+30:1800+30"]

1. e4 {[%emt 0:00:00]} e5 {[%emt 0:01:22]} 2. Nf3 {[%emt 0:00:00]} Nc6 {[%emt 0:00:15]} 3. Bc4 {[%emt 0:00:00]} Bc5 {[%emt 0:00:12]} 4. O-O {[%emt 0:00:15]} Nf6 {[%emt 0:00:21]} 5. d3 {[%emt 0:00:23]} d6 {[%emt 0:00:37]} 6. Nc3 {[%emt 0:00:43]} h6 {[%emt 0:06:31]} 7. h3 {[%emt 0:02:36]} O-O {[%emt 0:05:21]} 8. Na4 {[%emt 0:03:22]} Bb6 {[%emt 0:01:40] LiveBook: 7 Games} 9. a3 {[%emt 0:02:48]} Ne7 {[%emt 0:12:12]} 10. Nxb6 {[%emt 0:04:19]} axb6 {[%emt 0:00:12]} 11. Re1 {[%emt 0:03:32] C50: Hungarian Defence and Giuoco Pianissimo} Ng6 {[%emt 0:01:55]} 12. d4 {[%emt 0:03:54]} Qe7 {[%emt 0:01:25]} 13. Qe2 $146 {[%emt 0:07:04]} ({Find the theoretical novelty and annotate with similar games:} 13. Bd2 Be6 14. Qe2 Nh5 15. dxe5 Nhf4 16. Qf1 dxe5 17. Rad1 Rfd8 18. Bxf4 Bxc4 19. Qxc4 Nxf4 {½-½ (19) Rodriguez Vila,A (2468)-Vocaturo,D (2606) Antofagasta 2017}) 13... Nh5 {[%emt 0:08:30]} 14. c3 {[%emt 0:16:23]} Bd7 {[%emt 0:07:12]} 15. Kh2 {[%emt 0:04:04]} Nhf4 {[%emt 0:01:00]} 16. Bxf4 {[%emt 0:11:11]} Nxf4 {[%emt 0:00:10]} 17. Qe3 {[%emt 0:00:24]} Qf6 {[%emt 0:06:01]} 18. Bf1 {[%emt 0:01:55]} Ng6 {[%emt 0:07:33]} 19. g3 {[%emt 0:05:18]} Rfe8 {[%emt 0:03:59]} 20. d5 {[%emt 0:05:42]} Qe7 {[%emt 0:01:54]} 21. Nd2 {[%emt 0:04:41]} Qg5 {[%emt 0:02:53]} 22. Qxg5 {[%emt 0:02:08]} hxg5 {[%emt 0:00:06]} 23. Be2 {[%emt 0:01:01]} Rf8 {[%emt 0:08:08]} 24. Kg2 {[%emt 0:04:20]} Ne7 {[%emt 0:02:00]} 25. Bd3 {[%emt 0:01:32]} f6 {[%emt 0:01:21]} 26. Rh1 $11 {[%emt 0:02:12]} Kf7 {[%emt 0:03:22]} 27. h4 {[%emt 0:01:29]} gxh4 {[%emt 0:02:08]} 28. Rxh4 {[%emt 0:00:03]} Rh8 {[%emt 0:01:15]} 29. Rah1 {[%emt 0:00:08]} Ng6 {[%emt 0:01:27]} 30. Rxh8 {[%emt 0:01:04]} Rxh8 {[%emt 0:00:09]} 31. Rxh8 {[%emt 0:00:10]} Nxh8 {[%emt 0:00:05]} 32. Be2 {[%emt 0:00:11]} g6 {[%emt 0:02:33]} 33. Kf3 {[%emt 0:02:43]} Kg7 {[%emt 0:01:40]} 34. Ke3 {[%emt 0:00:17]} Nf7 {[%emt 0:00:30]} 35. f4 {[%emt 0:00:13]} exf4+ {[%emt 0:02:20]} 36. gxf4 {[%emt 0:00:04]} g5 {[%emt 0:00:58]} 37. Nf3 {[%emt 0:02:06]} gxf4+ {[%emt 0:03:36]} 38. Kxf4 {[%emt 0:01:16]} Kf8 {[%emt 0:02:42]} 39. Nd4 {[%emt 0:01:29]} Ke7 {[%emt 0:01:07]} 40. Bb5 {[%emt 0:00:00]} Bh3 {[%emt 0:01:48]} 41. Be2 {[%emt 0:04:29]} Ne5 {[%emt 0:01:32]} 42. Nb5 {[%emt 0:00:50]} Kd8 {[%emt 0:01:17]} 43. b3 {[%emt 0:05:08]} Bd7 {[%emt 0:00:59]} 44. Nd4 {[%emt 0:00:23]} Ng6+ {[%emt 0:01:49]} 45. Ke3 {[%emt 0:00:28]} Ke7 {[%emt 0:02:01]} 46. Bb5 {[%emt 0:03:36]} Bc8 {[%emt 0:01:14]} 47. Bf1 1/2-1/2

[Event "ESTCC U50 2018"]
[Site "Walbrzych"]
[Date "2018.04.21"]
[Round "8"]
[White "Bowmer, Kevin"]
[Black "Giulian, Rosemary A"]
[Result "1/2-1/2"]
[WhiteElo "2064"]
[BlackElo "1880"]
[Annotator "NA"]
[PlyCount "37"]
[EventDate "2018.??.??"]
[EventCountry "POL"]
[SourceTitle "playchess.com"]
[Source "ChessBase"]
[SourceQuality "1"]
[WhiteTeam "England"]
[BlackTeam "Scotland"]
[WhiteTeamCountry "ENG"]
[BlackTeamCountry "SCO"]
[TimeControl "40/5400+30:1800+30"]

1. e4 {[%emt 0:00:00]} e6 {[%emt 0:00:12]} 2. d4 {[%emt 0:00:00]} d5 {[%emt 0:00:17]} 3. Nd2 {[%emt 0:00:00]} dxe4 {[%emt 0:00:05]} 4. Nxe4 {[%emt 0:00:10]} Nd7 {[%emt 0:00:08]} 5. Nf3 {[%emt 0:01:19]} Ngf6 {[%emt 0:00:08]} 6. Nxf6+ {[%emt 0:00:42]} Nxf6 {[%emt 0:00:08]} 7. c3 {[%emt 0:00:11]} Be7 {[%emt 0:00:28]} 8. Bd3 {[%emt 0:02:14]} O-O {[%emt 0:00:09]} 9. Qc2 {[%emt 0:00:58]} h6 {[%emt 0:00:41]} 10. Bf4 {[%emt 0:21:05]} Bd6 {[%emt 0:02:10]} 11. Bg3 {[%emt 0:08:09]} b6 {[%emt 0:07:19]} 12. O-O {[%emt 0:06:18]} Bb7 {[%emt 0:01:43]} 13. Nd2 {[%emt 0:01:57]} Bxg3 {[%emt 0:02:09]} 14. fxg3 {[%emt 0:03:13]} Qe7 {[%emt 0:00:12]} 15. Ne4 {[%emt 0:01:49]} Nxe4 {[%emt 0:00:19]} 16. Bxe4 {[%emt 0:00:15]} Bxe4 {[%emt 0:02:29]} 17. Qxe4 {[%emt 0:03:24]} Qd6 {[%emt 0:00:58]} 18. Rad1 {[%emt 0:01:30]} Rad8 $11 {[%emt 0:00:22]} 19. Qf4 {[%emt 0:10:05]} 1/2-1/2

[Event "ESTCC U50 2018"]
[Site "Walbrzych"]
[Date "2018.04.21"]
[Round "8"]
[White "Van de Wynkele, Herman"]
[Black "Aegerter, Klaus"]
[Result "1-0"]
[WhiteElo "2048"]
[BlackElo "1731"]
[Annotator "NA"]
[PlyCount "47"]
[EventDate "2018.??.??"]
[EventCountry "POL"]
[SourceTitle "playchess.com"]
[Source "ChessBase"]
[SourceQuality "1"]
[WhiteTeam "Belgium"]
[BlackTeam "Switzerland"]
[WhiteTeamCountry "BEL"]
[BlackTeamCountry "SUI"]
[TimeControl "40/5400+30:1800+30"]

1. e4 {[%emt 0:00:00]} g6 {[%emt 0:00:10]} 2. d4 {[%emt 0:00:00]} d6 {[%emt 0:00:21]} 3. Nc3 {[%emt 0:00:00]} Bg7 {[%emt 0:00:13]} 4. Be3 {[%emt 0:00:00]} a6 {[%emt 0:00:38]} 5. Qd2 {[%emt 0:02:03]} Nf6 {[%emt 0:01:23]} 6. f3 {[%emt 0:00:08]} b5 {[%emt 0:00:52] LiveBook: 29 Games} 7. O-O-O {[%emt 0:00:16]} Bb7 {[%emt 0:05:35]} 8. g4 {[%emt 0:00:15]} h5 {[%emt 0:03:37]} 9. gxh5 {[%emt 0:03:21]} Nxh5 {[%emt 0:02:15]} 10. Nh3 {[%emt 0:01:11]} Nc6 {[%emt 0:04:32]} 11. Ne2 {[%emt 0:06:48]} f6 {[%emt 0:10:25]} 12. Nhf4 {[%emt 0:03:42]} Kf7 {[%emt 0:04:50]} ({But not} 12... Nxf4 $6 13. Nxf4 Kf7 14. d5) 13. Nxh5 {[%emt 0:13:48]} Rxh5 {[%emt 0:00:47]} 14. Nf4 {[%emt 0:01:41]} Rh7 {[%emt 0:01:56]} 15. d5 $18 {[%emt 0:08:50]} Ne5 {[%emt 0:03:04]} 16. Ne6 {[%emt 0:00:06]} Qh8 {[%emt 0:01:11]} 17. Qg2 {[%emt 0:02:40]} c6 {[%emt 0:07:28]} 18. f4 {[%emt 0:02:38]} Bh6 {[%emt 0:02:42]} 19. Be2 {[%emt 0:04:48]} Nc4 {[%emt 0:03:11]} 20. Bd4 {[%emt 0:05:36]} c5 {[%emt 0:05:36]} 21. Rdg1 {[%emt 0:02:12]} Rg8 {[%emt 0:06:59]} 22. Bxc4 {[%emt 0:01:56]} cxd4 {[%emt 0:03:10]} 23. Be2 {[%emt 0:02:37]} Bg7 {[%emt 0:12:07]} 24. Qxg6# {[%emt 0:00:20] Bh6 Qg2} 1-0

[Event "ESTCC U50 2018"]
[Site "Walbrzych"]
[Date "2018.04.21"]
[Round "8"]
[White "Robertson, Ian C"]
[Black "Lewis, Andrew P"]
[Result "1/2-1/2"]
[WhiteElo "2038"]
[BlackElo "2279"]
[Annotator "NA"]
[PlyCount "130"]
[EventDate "2018.??.??"]
[EventCountry "POL"]
[SourceTitle "playchess.com"]
[Source "ChessBase"]
[SourceQuality "1"]
[WhiteTeam "Scotland"]
[BlackTeam "England"]
[WhiteTeamCountry "SCO"]
[BlackTeamCountry "ENG"]
[TimeControl "40/5400+30:1800+30"]

1. d4 {[%emt 0:00:00]} Nf6 {[%emt 0:00:21]} 2. Nf3 {[%emt 0:00:00]} g6 {[%emt 0:00:13]} 3. Nbd2 {[%emt 0:00:09]} Bg7 {[%emt 0:01:34]} 4. e4 {[%emt 0:00:33]} d6 {[%emt 0:01:31]} 5. Be2 {[%emt 0:01:44]} O-O {[%emt 0:01:06]} 6. O-O {[%emt 0:02:18]} c5 {[%emt 0:00:30]} 7. dxc5 {[%emt 0:03:44]} dxc5 {[%emt 0:00:26]} 8. c3 {[%emt 0:00:19]} Nc6 {[%emt 0:00:48]} 9. Re1 {[%emt 0:05:51]} Qc7 {[%emt 0:01:25]} 10. Qc2 {[%emt 0:04:11]} b6 {[%emt 0:01:46] LiveBook: 14 Games B07: Pirc Defence: Miscellaneous Systems} 11. Rb1 $146 {[%emt 0:02:42]} ({Predecessor:} 11. a4 Bb7 12. Bf1 Na5 13. Nc4 Nxc4 14. Bxc4 e6 15. h3 h6 16. Bf1 Kh7 17. Nd2 Nd7 18. a5 {1-0 (40) Vaibhav,S (2542)-Zhou,Y (2449) chess.com INT 2018}) 11... Bb7 {[%emt 0:05:32]} 12. b4 {[%emt 0:23:14]} cxb4 {[%emt 0:15:39]} 13. cxb4 {[%emt 0:00:24]} Rac8 {[%emt 0:00:11]} 14. Qa4 {[%emt 0:13:45]} a6 {[%emt 0:15:21]} 15. Bxa6 {[%emt 0:15:29]} Ra8 {[%emt 0:01:16]} 16. b5 {[%emt 0:00:06]} Nb8 {[%emt 0:00:40]} 17. Qc4 {[%emt 0:01:46]} Nxa6 {[%emt 0:01:01]} 18. bxa6 {[%emt 0:00:25]} Qxc4 {[%emt 0:02:41]} 19. Nxc4 {[%emt 0:00:02]} Bxe4 {[%emt 0:11:41]} 20. Rxb6 {[%emt 0:01:12]} Rfc8 {[%emt 0:01:19]} 21. Rxf6 {[%emt 0:09:36]} Rxc4 {[%emt 0:08:24]} 22. Rb6 {[%emt 0:02:31]} Bxf3 {[%emt 0:09:45]} 23. gxf3 {[%emt 0:00:17]} Bd4 {[%emt 0:00:14]} 24. Rb7 {[%emt 0:01:52]} Rc2 {[%emt 0:10:56]} 25. Be3 {[%emt 0:01:13]} Bxe3 $1 {[%emt 0:01:31]} 26. Rxe3 {[%emt 0:00:21]} Rxa6 {[%emt 0:01:04]} 27. Rexe7 {[%emt 0:04:28]} Rf6 {[%emt 0:00:15]} 28. Kg2 {[%emt 0:00:58]} Rxa2 $11 {[%emt 0:00:08]} 29. Ra7 {[%emt 0:00:09]} Rb2 {[%emt 0:01:28]} 30. Rab7 {[%emt 0:00:07]} Rxb7 {[%emt 0:01:06]} 31. Rxb7 {[%emt 0:00:03]} Kg7 {[%emt 0:00:10]} 32. Kg3 {[%emt 0:01:09]} Rf5 {[%emt 0:00:15]} 33. f4 {[%emt 0:00:42]} Ra5 {[%emt 0:00:25]} 34. Rc7 {[%emt 0:01:20]} Ra3+ {[%emt 0:00:13]} 35. Kg2 {[%emt 0:00:32]} Kf6 {[%emt 0:01:28]} 36. Rb7 {[%emt 0:00:20]} h5 {[%emt 0:00:32]} 37. Rc7 {[%emt 0:01:11]} Ke6 {[%emt 0:01:00]} 38. Rb7 {[%emt 0:00:18]} f6 {[%emt 0:00:57]} 39. Rb5 {[%emt 0:02:37]} Rd3 {[%emt 0:00:24]} 40. f5+ {[%emt 0:00:00]} gxf5 {[%emt 0:00:12]} 41. Rb7 {[%emt 0:07:21]} f4 {[%emt 0:00:56]} 42. Rb5 {[%emt 0:04:47]} Rd5 {[%emt 0:02:32]} 43. Rb8 {[%emt 0:00:18]} Kf5 {[%emt 0:00:53]} 44. Rb3 {[%emt 0:08:04]} Kg4 {[%emt 0:05:08]} 45. Ra3 {[%emt 0:04:39]} Rg5 {[%emt 0:02:58]} 46. Rb3 {[%emt 0:02:09]} Kh4+ {[%emt 0:02:58]} 47. Kf1 {[%emt 0:01:46]} Rf5 {[%emt 0:00:46]} 48. Rf3 {[%emt 0:00:27]} Kg4 {[%emt 0:01:12]} 49. Kg2 {[%emt 0:00:15]} Rg5 {[%emt 0:01:09]} 50. Rb3 {[%emt 0:00:37]} Kh4+ {[%emt 0:01:33]} 51. Kf1 {[%emt 0:00:26]} Rd5 {[%emt 0:01:49]} 52. Kg2 {[%emt 0:00:24]} Kg4 {[%emt 0:00:35]} 53. Ra3 {[%emt 0:00:30]} Rd1 {[%emt 0:01:46]} 54. h3+ {[%emt 0:01:01]} Kh4 {[%emt 0:01:04]} 55. Ra4 {[%emt 0:00:44]} Kg5 {[%emt 0:00:34]} 56. Ra5+ {[%emt 0:00:48]} f5 {[%emt 0:01:34]} 57. Ra3 {[%emt 0:00:57]} Rd4 {[%emt 0:00:24]} 58. Rb3 {[%emt 0:00:08]} Kh4 {[%emt 0:00:53]} 59. Ra3 {[%emt 0:00:25]} Rd8 {[%emt 0:00:47]} 60. Rf3 {[%emt 0:00:43]} Rg8+ {[%emt 0:00:40]} 61. Kf1 {[%emt 0:00:23]} Kg5 {[%emt 0:01:52]} 62. Rb3 {[%emt 0:00:35]} Kf6 {[%emt 0:00:46]} 63. Rb6+ {[%emt 0:00:27]} Ke5 {[%emt 0:02:31]} 64. Rb5+ {[%emt 0:00:05]} Ke4 {[%emt 0:01:18]} 65. Rb4+ {[%emt 0:00:03]} Ke5 {[%emt 0:00:49]} 1/2-1/2

[Event "ESTCC U50 2018"]
[Site "Walbrzych"]
[Date "2018.04.21"]
[Round "8"]
[White "Strzelecki, Jerzy"]
[Black "Kierzek, Mira"]
[Result "1-0"]
[WhiteElo "2038"]
[BlackElo "2011"]
[Annotator "NA"]
[PlyCount "141"]
[EventDate "2018.??.??"]
[EventCountry "POL"]
[SourceTitle "playchess.com"]
[Source "ChessBase"]
[SourceQuality "1"]
[WhiteTeam "Poland"]
[BlackTeam "Germany"]
[WhiteTeamCountry "POL"]
[BlackTeamCountry "GER"]
[TimeControl "40/5400+30:1800+30"]

1. c4 {[%emt 0:00:00]} Nf6 {[%emt 0:00:28]} 2. Nc3 {[%emt 0:00:00]} c6 {[%emt 0:00:20]} 3. e4 {[%emt 0:01:49]} d6 {[%emt 0:05:26]} 4. d4 {[%emt 0:00:21]} Nbd7 {[%emt 0:02:14]} 5. Nf3 {[%emt 0:00:42] A53: Old Indian Defence without Nf3} Qc7 {[%emt 0:02:16] LiveBook: 4 Games} (5... e5 6. Be2 Be7 7. O-O O-O 8. Re1 a6 9. Rb1 Re8 10. Bf1 b5 11. b4 Qc7 12. a4 exd4 13. Nxd4 bxc4 14. Bxc4 Ne5 15. Ba2 c5 16. bxc5 dxc5 17. Nd5 Nxd5 18. Bxd5 {0-1 (41) Marin,M (2549)-Berkes,F (2645) Calimanesti Caciulata 2016}) 6. Be2 {[%emt 0:00:30]} g6 {[%emt 0:00:49]} 7. O-O {[%emt 0:01:34]} Bg7 {[%emt 0:00:31]} 8. Rb1 {[%emt 0:01:10]} O-O {[%emt 0:01:34]} 9. b4 {[%emt 0:00:46]} b6 $146 {[%emt 0:04:42]} ({Predecessor:} 9... e5 10. dxe5 dxe5 11. Qc2 b6 12. h3 Re8 13. Be3 Nh5 14. Rfd1 Nf4 15. Bf1 Nf8 16. a4 Be6 17. c5 bxc5 18. Bxc5 {1-0 (39) Kyhle,B (2290)-Holving,R (2165) Stockholm 1996}) 10. Bd2 {[%emt 0:01:38]} Bb7 {[%emt 0:00:48]} 11. a3 {[%emt 0:04:51]} a6 {[%emt 0:06:35]} 12. Qc2 {[%emt 0:03:44]} Rac8 {[%emt 0:02:51]} 13. Rfc1 {[%emt 0:02:24]} Qb8 {[%emt 0:07:07]} 14. Qd1 {[%emt 0:13:06]} Rcd8 {[%emt 0:04:52]} 15. Qc2 {[%emt 0:03:33]} ({White should try} 15. Be3 $16) 15... Rc8 {[%emt 0:00:20]} 16. Qd1 {[%emt 0:00:53]} b5 {[%emt 0:03:45]} 17. c5 {[%emt 0:02:41]} dxc5 {[%emt 0:12:19]} 18. dxc5 {[%emt 0:00:52]} Ne5 {[%emt 0:03:19]} 19. Qc2 {[%emt 0:04:01]} Rcd8 {[%emt 0:01:06]} 20. Rd1 {[%emt 0:00:42]} Bc8 {[%emt 0:01:40]} 21. Be1 {[%emt 0:01:14]} Nfg4 {[%emt 0:02:17]} 22. g3 {[%emt 0:00:40]} Nxf3+ {[%emt 0:02:16]} 23. Bxf3 {[%emt 0:00:17]} Ne5 {[%emt 0:00:16]} 24. Be2 {[%emt 0:00:58]} Be6 {[%emt 0:02:19]} 25. Rxd8 {[%emt 0:02:27]} Rxd8 {[%emt 0:00:29]} 26. Rd1 {[%emt 0:00:13]} Nc4 {[%emt 0:02:29]} 27. a4 {[%emt 0:00:47]} Qc7 {[%emt 0:02:05]} 28. axb5 {[%emt 0:02:05]} axb5 {[%emt 0:00:10]} 29. Rxd8+ {[%emt 0:01:52]} Qxd8 {[%emt 0:00:16]} 30. Nd1 {[%emt 0:02:35]} Qd7 {[%emt 0:09:06]} 31. h4 {[%emt 0:18:19]} Bg4 {[%emt 0:04:35]} 32. f3 $11 {[%emt 0:06:53]} Bd4+ {[%emt 0:01:50]} 33. Kh2 {[%emt 0:00:45]} Be6 {[%emt 0:00:54]} 34. Bc3 {[%emt 0:03:04]} h5 {[%emt 0:03:51]} 35. Kg2 {[%emt 0:05:03]} Bg7 {[%emt 0:01:07]} 36. Bxg7 {[%emt 0:02:26]} Kxg7 {[%emt 0:00:09]} 37. Qc3+ {[%emt 0:00:24]} Kg8 {[%emt 0:00:16]} 38. Ne3 {[%emt 0:00:59]} Nd2 {[%emt 0:03:50]} 39. Kf2 {[%emt 0:02:23]} Nb3 {[%emt 0:01:40]} 40. f4 {[%emt 0:00:00]} Nd2 {[%emt 0:03:31]} 41. Bd3 {[%emt 0:06:09]} Nb3 {[%emt 0:04:45]} 42. f5 {[%emt 0:07:59]} gxf5 {[%emt 0:00:38]} 43. exf5 {[%emt 0:01:16]} Bd5 {[%emt 0:00:29]} 44. Bc2 {[%emt 0:01:44]} Nc1 {[%emt 0:01:18]} 45. Bb1 {[%emt 0:02:41]} Nb3 {[%emt 0:17:04]} 46. Bc2 {[%emt 0:06:56]} Nc1 {[%emt 0:01:33]} 47. Qd2 {[%emt 0:08:23]} Na2 {[%emt 0:02:11]} 48. Bb3 {[%emt 0:01:04]} Nxb4 {[%emt 0:00:47]} 49. Qxb4 {[%emt 0:01:33]} e6 {[%emt 0:00:33]} 50. Qd4 {[%emt 0:01:26]} Qa7 {[%emt 0:01:45]} 51. Bxd5 {[%emt 0:00:23]} exd5 {[%emt 0:00:04]} 52. f6 {[%emt 0:01:03]} Qa2+ {[%emt 0:00:56]} 53. Kf3 {[%emt 0:00:44]} Qb1 {[%emt 0:00:34]} 54. Qe5 {[%emt 0:01:08]} Qg6 {[%emt 0:03:17]} 55. Qg5 {[%emt 0:01:44]} Kf8 {[%emt 0:00:16]} 56. Qxg6 {[%emt 0:00:21]} fxg6 {[%emt 0:00:01]} 57. Kf4 {[%emt 0:00:26]} d4 {[%emt 0:00:36]} 58. Nd1 {[%emt 0:00:16]} Kf7 {[%emt 0:00:19]} 59. Ke5 {[%emt 0:00:06]} d3 {[%emt 0:01:14]} 60. Nb2 {[%emt 0:01:13]} d2 {[%emt 0:00:13]} 61. Nd1 {[%emt 0:00:08]} b4 {[%emt 0:00:10]} 62. Nb2 {[%emt 0:00:07]} b3 {[%emt 0:00:56]} 63. Nd1 {[%emt 0:00:07]} b2 {[%emt 0:01:49]} 64. Nxb2 {[%emt 0:00:11]} Kf8 {[%emt 0:00:37]} 65. Ke6 {[%emt 0:00:53]} Ke8 {[%emt 0:00:02]} 66. f7+ {[%emt 0:01:20]} Kf8 {[%emt 0:00:01]} 67. Nd1 {[%emt 0:00:31]} g5 {[%emt 0:00:58]} 68. hxg5 {[%emt 0:00:26]} h4 {[%emt 0:00:11]} 69. gxh4 {[%emt 0:00:10]} Kg7 {[%emt 0:00:09]} 70. Ke7 {[%emt 0:00:05]} Kh7 {[%emt 0:00:07]} 71. h5 {[%emt 0:00:56]} 1-0

[Event "ESTCC U50 2018"]
[Site "Walbrzych"]
[Date "2018.04.21"]
[Round "8"]
[White "Nuenchert, Eveline"]
[Black "Czyz, Andrzej"]
[Result "1/2-1/2"]
[WhiteElo "2033"]
[BlackElo "1999"]
[Annotator "NA"]
[PlyCount "41"]
[EventDate "2018.??.??"]
[EventCountry "POL"]
[SourceTitle "playchess.com"]
[Source "ChessBase"]
[SourceQuality "1"]
[WhiteTeam "Germany"]
[BlackTeam "Poland"]
[WhiteTeamCountry "GER"]
[BlackTeamCountry "POL"]
[TimeControl "40/5400+30:1800+30"]

1. Nf3 {[%emt 0:00:00]} d5 {[%emt 0:01:43]} 2. g3 {[%emt 0:00:04]} Bf5 {[%emt 0:00:56]} 3. Bg2 {[%emt 0:00:31]} e6 {[%emt 0:01:24]} 4. d3 {[%emt 0:02:08]} Nf6 {[%emt 0:00:41]} 5. Nbd2 {[%emt 0:01:06]} Be7 {[%emt 0:04:12]} 6. c3 {[%emt 0:02:20]} a5 {[%emt 0:02:52]} 7. O-O {[%emt 0:02:15]} h5 {[%emt 0:01:05]} 8. Re1 {[%emt 0:04:18]} c6 {[%emt 0:03:56]} 9. Qb3 {[%emt 0:05:17]} b5 {[%emt 0:02:43]} 10. a4 {[%emt 0:01:25]} b4 {[%emt 0:03:24]} 11. e4 {[%emt 0:00:53]} Bh7 {[%emt 0:02:29]} 12. Ng5 {[%emt 0:07:17]} Bg6 {[%emt 0:01:50]} 13. Ndf3 {[%emt 0:00:54]} Nbd7 {[%emt 0:02:04]} 14. Nh4 {[%emt 0:03:36]} Nf8 {[%emt 0:01:40]} (14... Bh7 $1 $14) 15. exd5 {[%emt 0:05:57]} cxd5 {[%emt 0:00:32]} 16. c4 {[%emt 0:00:34]} Rc8 {[%emt 0:03:09] [#]} (16... Ra6 $16 17. cxd5 Nxd5) 17. cxd5 $18 {[%emt 0:17:11]} Nxd5 {[%emt 0:07:00]} 18. Nxg6 {[%emt 0:00:13]} Nxg6 {[%emt 0:20:28]} 19. h4 {[%emt 0:03:46]} Bxg5 {[%emt 0:11:37]} 20. Bxg5 {[%emt 0:00:19]} Nge7 {[%emt 0:00:58]} 21. Rac1 {[%emt 0:04:57]} 1/2-1/2

[Event "ESTCC U50 2018"]
[Site "Walbrzych"]
[Date "2018.04.21"]
[Round "8"]
[White "De la Orden Alcocer, Alejandro"]
[Black "Garcia Palermo, Carlos"]
[Result "0-1"]
[WhiteElo "2013"]
[BlackElo "2404"]
[Annotator "TA"]
[PlyCount "68"]
[EventDate "2018.??.??"]
[EventCountry "POL"]
[SourceTitle "playchess.com"]
[Source "ChessBase"]
[SourceQuality "1"]
[WhiteTeam "Spain"]
[BlackTeam "Italy"]
[WhiteTeamCountry "ESP"]
[BlackTeamCountry "ITA"]

{[%evp 21,68,0,20,0,0,-44,-13,-47,-2,0,-4,-323,-300,-401,-191,-197,-169,-168,-143,-144,-149,-152,-144,-180,-169,-177,-177,-192,-183,-220,-228,-250,-266,-248,-247,-313,-317,-403,-313,-346,-297,-292,-289,-448,-445,-845,-420,-591,-569]} 1. c4 Nf6 2. Nc3 e5 3. g3 d5 4. cxd5 Nxd5 5. Bg2 Nb6 6. Nf3 Nc6 7. O-O Be7 8. d3 O-O 9. Be3 Re8 10. Qc1 Bf8 {A29: English Opening: Four Knights Variation with 4 g3} 11. Ne4 Nd4 {LiveBook: 3 Games} 12. Re1 (12. Nxd4 exd4 13. Bg5 f6 14. Bd2 a5 15. Re1 c6 16. a3 a4 17. e3 dxe3 18. Bxe3 {1-0 (44) Nigalidze,G (2494)-Mchedlishvili,M (2655) Tbilisi 2014}) 12... c6 {The position is equal.} 13. h4 $146 ({Predecessor:} 13. Nc5 Nxf3+ 14. Bxf3 Nd5 15. Bd2 Nc7 16. Be3 Nd5 17. Bd2 Qe7 18. Ne4 {1-0 (49) Vo,T (2311)-Nguyen Huynh Minh,H (2492) Bac Giang 2014}) 13... Bg4 14. Nc5 Nxf3+ 15. exf3 Bc8 16. f4 $2 {[%mdl 8192]} (16. d4 $11 {and White is okay.}) 16... exf4 $19 17. Bd2 Rxe1+ (17... fxg3 $142 18. Rxe8 gxf2+ 19. Kf1 Qxe8) 18. Bxe1 fxg3 19. fxg3 Bxc5+ 20. Qxc5 Qxd3 21. Qe7 {[%cal Re7e8] [#]} Qd7 22. Qg5 {intending Bc3.} h6 23. Qe5 f6 24. Qc5 Qf7 25. Rd1 Be6 26. b3 Bd5 27. Bh3 Re8 {[#] aiming for ...Qh5.} 28. Bf2 Nd7 29. Qb4 b6 30. Re1 Rxe1+ 31. Qxe1 Ne5 32. Qe3 (32. Qe2 {keeps fighting.}) 32... Qg6 33. g4 (33. Bg2 $142) 33... Nxg4 (33... Qb1+ $142 34. Kh2 Qh1+ 35. Kg3 g5 36. hxg5 hxg5) 34. Qg3 (34. Bxg4 {was the only defense.} Qxg4+ 35. Kf1) 34... Qe4 {Precision: White = 11%, Black = 52%.} 0-1

[Event "ESTCC U50 2018"]
[Site "Walbrzych"]
[Date "2018.04.21"]
[Round "8"]
[White "Roth, Martin"]
[Black "Rooze, Jan"]
[Result "0-1"]
[WhiteElo "2008"]
[BlackElo "2307"]
[Annotator "TA"]
[PlyCount "60"]
[EventDate "2018.??.??"]
[EventCountry "POL"]
[SourceTitle "playchess.com"]
[Source "ChessBase"]
[SourceQuality "1"]
[WhiteTeam "SUI"]
[BlackTeam "BEL"]
[WhiteTeamCountry "GER"]
[BlackTeamCountry "BEL"]

{[%evp 11,60,11,15,-11,-3,-24,-18,-33,0,-6,0,-31,-23,-35,0,-22,-24,-49,-32,-41,-25,-213,-173,-179,-170,-186,-201,-238,-231,-220,-222,-246,-243,-256,-243,-252,-252,-297,-247,-237,-250,-481,-481,-482,-445,-424,-392,-1098,-1098,-1091,-1084]} 1. e4 c5 2. Nc3 a6 3. a4 Nc6 4. g3 g6 5. Bg2 Bg7 6. d3 {B23: Closed Sicilian: Lines without g3} d6 {LiveBook: 19 Games} (6... Rb8 7. f4 d6 8. h3 b5 9. axb5 axb5 10. Nf3 b4 11. Nd5 e6 {0-1 (42) Larino Nieto,D (2491)-Salgado Lopez,I (2614) Linares 2013}) 7. h3 e6 8. Nge2 {The position is equal.} Nge7 9. Bg5 $146 ({Find the theoretical novelty and annotate with similar games:} 9. O-O Bd7 10. Bg5 h6 11. Be3 {0-1 (28) Urosevic,D-Colovic,Z (2166) Paracin 2011}) 9... h6 10. Be3 Nd4 11. Rb1 Nec6 12. O-O O-O 13. f4 Bd7 14. Qd2 Kh7 15. g4 f5 16. Ng3 $2 (16. gxf5 $11 {and White is okay.} gxf5 17. Kh1) 16... fxg4 $19 {[#] Hoping for ...Qh4.} 17. hxg4 Qh4 $1 $36 {[%csl LRg3,LRg4][%mdl 2048] White is under strong pressure.} 18. Nce2 Qxg4 19. c3 Nxe2+ 20. Nxe2 e5 21. d4 exd4 22. cxd4 cxd4 23. Nxd4 Rae8 24. Kh1 Qh4+ 25. Kg1 Bh3 26. Rf3 $2 {[#]} (26. Nxc6 bxc6 27. Rbd1) 26... Bxg2 27. Kxg2 Bxd4 28. Bxd4 Qg4+ 29. Kf2 $2 (29. Rg3 Qe6 30. Re1 Nxd4 31. Qxd4 Rxf4 32. Re2) 29... Nxd4 30. Qxd4 Rxf4 {Precision: White = 19%, Black = 76%.} 0-1